| 000 | 00840cam a2200289Mi 4500 | ||
|---|---|---|---|
| 001 | 86231 | ||
| 005 | 20230410130544.0 | ||
| 008 | 000215s1998 fr m 000 0 fre d | ||
| 035 | _a(OCoLC)ocn237361262 | ||
| 040 |
_aGEBAY _bger _cGEBAY |
||
| 020 | _a2738467121 | ||
| 020 | _a9782738467126 | ||
| 035 | _a(OCoLC)237361262 | ||
| 049 | _aGRAL | ||
| 050 | 1 | 4 |
_aPN 1992.3 _bO48h 1998 |
| 100 | 1 | _aOlivesi, Stephane | |
| 245 | 1 | 0 |
_aHistoire politique de la television / _cStephane Olivesi ; préface d’Erik Neveu. |
| 260 |
_aParis : _bL'Harmattan, _c1998 |
||
| 300 | _a320 p. ; |c 22 cm. | ||
| 650 | 4 |
_aTelevisión _zFrancia. |
|
| 650 | 0 |
_aTelevision and politics _zFrance. |
|
| 650 | 0 |
_aTelevision broadcasting _zFrance. |
|
| 650 | 4 |
_aTelevisión _xAspectos políticos. |
|
| 942 |
_2lcc _cbk |
||
| 994 |
_aC0 _bDRFGD |
||
| 946 | _aCA | ||
| 999 |
_c76041 _d76041 |
||